| 000 | 02063nam0a2200445 4500 | ||
|---|---|---|---|
| 001 | RU\NLR\bibl\1495628 | ||
| 005 | 20250616014341.0 | ||
| 010 |
_a978-5-8199-0427-5 _bФорум |
||
| 010 |
_a978-5-16-004047 _bИнфра-М _91000 |
||
| 021 |
_aRU _b2010-10592 _9699 |
||
| 035 | _a(nilc)RSL-KNO-004582239 | ||
| 035 | _aKML\BIBL\0000014848 | ||
| 035 | _aRSL-KNO-004582239 | ||
| 035 | _a(NLR Aleph) 001487133 | ||
| 090 |
_a1740287 _c1740287 |
||
| 100 | _a20100216d2010 |||y0rusy50 ca | ||
| 101 | 0 | _arus | |
| 102 | _aRU | ||
| 105 | _ay zzzz||||| | ||
| 200 | 1 |
_aБухгалтерский учет _eсборник задач _eучебное пособие для студентов, обучающихся по специальности "Бухгалтерский учет, анализ и аудит" _fЕ. А. Кыштымова |
|
| 210 |
_aМосква _cФорум _cИнфра-М _d2010 |
||
| 215 |
_a205, [1] с. _d22 |
||
| 225 | 1 | _aВысшее образование | |
| 300 | _aНа 4-й с. обл. авт.: Кыштымова Е.А., к.э.н. | ||
| 320 | _aБиблиогр.: с. 203-205 (39 назв.) | ||
| 606 | 1 |
_aБухгалтерский учет _jЗадачники _yРоссийская Федерация _92073607 _3RU\NLR\auth\661248526 |
|
| 610 | 0 | _aЭкономика -- Учет -- Российская Федерация -- Бухгалтерский учет -- Задачник для высшей школы | |
| 686 |
_aУ052.9(2)20я73-4 _2rubbk |
||
| 686 |
_a65.052.2я7 _vLBC/RL _2rubbk |
||
| 686 |
_a0093 _aБухгалтерский учет. Налогообложение. Аудит _2TCC-BG |
||
| 686 | _aУ052.9(2)2я73-4 | ||
| 700 | 1 |
_aКыштымова _bЕ. А. _gЕвгения Александровна _4070 |
|
| 801 | 0 |
_aRU _bРГБ _c20100216 _grcr |
|
| 801 | 1 |
_aRU _bРГБ _c20100216 |
|
| 801 | 2 |
_aRU _bНБР Коми _c20100301 _gRCR |
|
| 801 | 2 |
_aRU _bВладимирская ОУНБ _c20100304 _2rusmarc |
|
| 801 | 2 |
_aRU _bNLR _c20100407 _grcr |
|
| 942 | _cBOOK | ||
| 980 | _aNB | ||